Words that End with rk - Statistics

General Stats
  • This quiz has been taken 93 times
  • The average score is 8 of 10
Answer Stats
Hint Answer % Correct
A utensil that is used to eat food. Fork
100%
A word that is commonly used to describe the sound a dog makes Bark
97%
Little or no Light Dark
97%
A large public square that is used for recreation.A lot of times has a playground of somesorts. Park
97%
To smile in a sort of a smug way Smirk
89%
Engaging in mental or physical activity. You do this at a Job. Work
82%
A small fiery particle that can be thrown off from fires Spark
79%
Another word for a geek or a nerd. Dork
72%
Say something as a comment,to mention something. Remark
49%
Out of control,Wild with anger or sometimes excitement. Beserk
21%
No matching quizzes found
Score Distribution
Percent of People with Each Score
Percentile by Number Answered
Your Score History
You have not taken this quiz